LEADER 01300nam--2200385---450- 001 990002962380203316 005 20070809164859.0 010 $a3-540-23049-1 035 $a000296238 035 $aUSA01000296238 035 $a(ALEPH)000296238USA01 035 $a000296238 100 $a20070809d2004----km-y0itay0103----ba 101 $aeng 102 $aDE 105 $a||||||||001yy 200 1 $aText, speech and dialogue$e7th International workshop, TSD 2004$eBrno, Czech Republic, September 8-11, 2004$eproceedings$fPetr Soja...[et al](eds) 210 $aBerlino$cSpringer$dc2004 215 $aXIII, 667 p.$cill.$d20 cm 225 2 $aLecture notes in artificial intelligence$v3206 225 2 $aLecture notes in computer science 410 0$12001$aLecture notes in artificial intelligence$v3206 461 1$1001-------$12001 606 0 $aLiguaggio naturale$xCongressi$yBrno$z2004 676 $a006.35 702 1$aSOJKA,$bPetr 710 12$aInternational workshop, TSD 2004$d<7. ;$f2004 ;$eBrno>$0597827 801 0$aIT$bsalbc$gISBD 912 $a990002962380203316 951 $a006.3 LNAI 3206$b31255/CBS$c006.3$d00215268 959 $aBK 969 $aSCI 979 $aSENATORE$b90$c20070809$lUSA01$h1648 996 $aText, speech and dialogue$91027020 997 $aUNISA LEADER 01830nam 2200385 n 450 001 996390395103316 005 20200824120642.0 035 $a(CKB)4940000000099496 035 $a(EEBO)2248495683 035 $a(UnM)99829125e 035 $a(UnM)99829125 035 $a(EXLCZ)994940000000099496 100 $a19950523d1662 uy | 101 0 $aeng 135 $aurbn||||a|bb| 200 10$aGod's call to unconverted sinners to turn to the Lord$b[electronic resource] $ePlainly shewing every poore sinner the miserableness of his estate, and how great an enermy he is to himself; that though the Lord be daily calling him, to turn and live, and professeth he deights not in the death of a sinner; yet for all this he will go and die. Allso [sic] the happy condition of the people of God, in that they have such a Father that had rather see their conversion, then condemnation. And lastly, to the terror of wicked and ungodly men is set forth: that if they will not turn to God that they may live with him in Heaven, they shall dye, and b: [sic] tormented with the Devil and his angels in hell fire. By T.P 210 $a[London] $cprinted for Charles Tyus. at the three Bibles on London Bridge$d1662 215 $a22, [2] p 300 $aWith a final advertisement leaf. 300 $aText in black letter. 300 $aReproduction of the original in the British Library. 330 $aeebo-0018 606 $aConversion$vEarly works to 1800 606 $aSermons, English$y17th century 615 0$aConversion 615 0$aSermons, English 700 $aT. P$01004662 801 0$bCu-RivES 801 1$bCu-RivES 801 2$bCStRLIN 801 2$bWaOLN 906 $aBOOK 912 $a996390395103316 996 $aGod's call to unconverted sinners, to turn to the Lord$92351679 997 $aUNISA